The Life Of Salah Ud Din Ayyubi (Record no. 351848)

000 -LEADER
fixed length control field 00490nam a22001937a 4500
003 - CONTROL NUMBER IDENTIFIER
control field OSt
005 - DATE AND TIME OF LATEST TRANSACTION
control field 20180116183056.0
008 - FIXED-LENGTH DATA ELEMENTS--GENERAL INFORMATION
fixed length control field 161021b xxu||||| |||| 00| 0 eng d
020 ## - INTERNATIONAL STANDARD BOOK NUMBER
International Standard Book Number 0
040 ## - CATALOGING SOURCE
Transcribing agency 0
082 ## - DEWEY DECIMAL CLASSIFICATION NUMBER
Classification number 962.020924 DIN 1983
100 ## - MAIN ENTRY--PERSONAL NAME
Personal name Din,Beha Ud.
245 ## - TITLE STATEMENT
Title The Life Of Salah Ud Din Ayyubi
Statement of responsibility, etc. Beha Ud Din
260 ## - PUBLICATION, DISTRIBUTION, ETC.
Place of publication, distribution, etc. Rawalpindi
Name of publisher, distributor, etc. PAP-Board Printers
Date of publication, distribution, etc. 1983.
300 ## - PHYSICAL DESCRIPTION
Extent 420p.
Other physical details HB.
440 ## - SERIES STATEMENT/ADDED ENTRY--TITLE
Title The Life Of Salah Ud Din Ayyubi
500 ## - GENERAL NOTE
General note HB.
942 ## - ADDED ENTRY ELEMENTS (KOHA)
Source of classification or shelving scheme
Koha item type Book
Holdings
Withdrawn status Lost status Source of classification or shelving scheme Damaged status Not for loan Collection code Permanent Location Current Location Shelving location Date acquired Total Checkouts Total Renewals Full call number Barcode Date last seen Date last checked out Price effective from Koha item type
            Central Library (CL) Central Library (CL) General Stacks 10/21/2016 2 6 962.020924 DIN 1983 NBSD-2874 06/02/2024 12/07/2021 10/21/2016 Book
© 2023 Central Library, National University of Sciences and Technology. All Rights Reserved.